Trang báo và cuộc đời

Kaydedildi:
Detaylı Bibliyografya
Yazar: NGUYỄN KIẾN PHƯỚC
Materyal Türü: Kitap
Dil:Undetermined
Baskı/Yayın Bilgisi: Tp. HCM Trẻ 2002
Konular:
Etiketler: Etiketle
Etiket eklenmemiş, İlk siz ekleyin!
Thư viện lưu trữ: Trung tâm Học liệu Trường Đại học Cần Thơ
LEADER 00510nam a2200181Ia 4500
001 CTU_50578
008 210402s9999 xx 000 0 und d
082 |a 895.9228 
082 |b Ph557 
100 |a NGUYỄN KIẾN PHƯỚC 
245 0 |a Trang báo và cuộc đời 
245 0 |c NGUYỄN KIẾN PHƯỚC 
260 |a Tp. HCM 
260 |b Trẻ 
260 |c 2002 
650 |a vietnamese literature 
650 |y th century 
980 |a Trung tâm Học liệu Trường Đại học Cần Thơ